What is schizophrenia?

Αποθηκεύτηκε σε:
Λεπτομέρειες βιβλιογραφικής εγγραφής
Συγγραφή απο Οργανισμό/Αρχή: Frances L. Hiatt School of Psychology
Άλλοι συγγραφείς: Flack, William F. (Επιμελητής έκδοσης), Miller, Daniel R. (Επιμελητής έκδοσης), Wiener, Morton (Επιμελητής έκδοσης)
Μορφή: Βιβλίο
Γλώσσα:English
Δημοσίευση: New York : Springer-Verlag, c1991
Θέματα:
Ετικέτες: Προσθήκη ετικέτας
Δεν υπάρχουν, Καταχωρήστε ετικέτα πρώτοι!

MARC

LEADER 00000nam a2200000 i 4500
001 1/87729
008 981111s1991 eng d
020 |a 0-387-97642-6 
035 |l 10035318 
035 |a 1993  |b 1  |c Πολεμικός 
040 |a GR-MY-UA  |b gre  |e aacr 
041 0 |a eng 
082 0 |a 616.8982  |2 (20) 
245 1 0 |a What is schizophrenia? /  |c William F. Flack, Jr., Daniel R. Miller, Morton Wiener, editors 
260 |a New York :   |b Springer-Verlag,   |c c1991 
300 |a xii, 270 p.;  |c 24 cm 
500 |a Based on a conference sponsored by the Frances L. Hiatt School of Psychology, at Clark University, Worcester, Mass., June 9-10, 1990 
504 |a Περιέχει βιβλιογραφικές παραπομπές και ευρετήριο 
650 0 0 |a Schizophrenia  |x Congresses. 
700 1 |a Flack, William F.  |4 edt 
700 1 |a Miller, Daniel R.  |4 edt 
700 1 |a Wiener, Morton.  |4 edt 
710 2 |a Frances L. Hiatt School of Psychology. 
852 |a INST  |b RHODES  |e 19981111  |h 616.8982 WHA  |p 005400009442  |q 005400009442  |t BK  |y 0 
909 |a Ρ  |b 027020  |c 1993